Welcome to CU Library Online Public Access Catalogue (OPAC)

The Victor journey through the Bible / (Record no. 6433)

MARC details
000 -LEADER
fixed length control field 00796cam a2200217 a 4500
001 - CONTROL NUMBER
control field 4454080
005 - DATE AND TIME OF LATEST TRANSACTION
control field 20250612140541.0
008 - FIXED-LENGTH DATA ELEMENTS--GENERAL INFORMATION
fixed length control field 951102s1996 ilua 001 0 eng
020 ## - INTERNATIONAL STANDARD BOOK NUMBER
International Standard Book Number 156476480X
050 00 - LIBRARY OF CONGRESS CALL NUMBER
Classification number BS550.2
Item number .B44 1996
082 00 - DEWEY DECIMAL CLASSIFICATION NUMBER
Classification number 220.6/1
Edition information 20
100 1# - MAIN ENTRY--PERSONAL NAME
Personal name Beers, V. Gilbert
Fuller form of name (Victor Gilbert),
Dates associated with a name 1928-
245 14 - TITLE STATEMENT
Title The Victor journey through the Bible /
Statement of responsibility, etc. V. Gilbert Beers.
260 ## - PUBLICATION, DISTRIBUTION, ETC.
Place of publication, distribution, etc. Wheaton, Ill. :
Name of publisher, distributor, etc. Victor Books,
Date of publication, distribution, etc. c1996.
300 ## - PHYSICAL DESCRIPTION
Extent 416 p. :
Other physical details col. ill. ;
Dimensions 26 cm.
500 ## - GENERAL NOTE
General note Includes index.
650 #0 - SUBJECT ADDED ENTRY--TOPICAL TERM
Topical term or geographic name entry element Bible stories, English.
856 42 - ELECTRONIC LOCATION AND ACCESS
Materials specified Contributor biographical information
Uniform Resource Identifier <a href="http://www.loc.gov/catdir/enhancements/fy0909/95048853-b.html">http://www.loc.gov/catdir/enhancements/fy0909/95048853-b.html</a>
856 42 - ELECTRONIC LOCATION AND ACCESS
Materials specified Publisher description
Uniform Resource Identifier <a href="http://www.loc.gov/catdir/enhancements/fy0909/95048853-d.html">http://www.loc.gov/catdir/enhancements/fy0909/95048853-d.html</a>
942 ## - ADDED ENTRY ELEMENTS (KOHA)
Source of classification or shelving scheme Library of Congress Classification
Koha item type Books
Suppress in OPAC No
999 ## -
-- 6433
-- 6433
Holdings
Withdrawn status Lost status Source of classification or shelving scheme Damaged status Not for loan Collection Home library Current library Shelving location Date acquired Total checkouts Full call number Barcode Date last seen Copy number Price effective from Koha item type
    Library of Congress Classification     Non-fiction Undergraduate Library (Christ Temple) Undergraduate Library (Christ Temple) General stacks 06/12/2025   BS530.2 BEE ulct00003229 06/12/2025 1 06/12/2025 Books
© 2023-2024 Copyright: Central University Libraries. All Rights Reserved | Created by: Mahone Tech Office